[Event "Paul Keres mem (23rd)"]
[Site "Vancouver CAN"]
[Date "1998.05.18"]
[Round "6"]
[White "Orlov, Georgi"]
[Black "Adam, Valerian"]
[Result "1-0"]
[WhiteElo "2584"]
[BlackElo "2310"]
[PlyCount "51"]
[GameId "2160767911873174"]
[EventDate "1998.05.15"]
[EventType "swiss"]
[EventRounds "7"]
[EventCountry "CAN"]

1. d4 Nf6 2. c4 b6 3. f3 e6 4. e4 Bb4+ 5. Nc3 Bxc3+ 6. bxc3 d6 7. Bd3 e5 8. Ne2 c5 9. d5 h6 10. Ng3 O-O 11. O-O Qe7 12. f4 Ne8 13. Qe1 Qh4 14. Qe3 Bd7 15. Bd2 Na6 16. fxe5 dxe5 17. Nf5 Bxf5 18. Rxf5 f6 19. Qf3 g6 20. g3 Qh3 21. Bf1 Qxf1+ 22. Rxf1 gxf5 23. Qxf5 Kg7 24. Qg4+ Kh8 25. Qg6 Rg8 26. Qxh6# 1-0

[Event "Paul Keres mem (23rd)"]
[Site "Vancouver CAN"]
[Date "1998.05.18"]
[Round "6"]
[White "Poitras, Luc"]
[Black "Samani, Arash"]
[Result "0-1"]
[WhiteElo "2224"]
[BlackElo "2219"]
[PlyCount "104"]
[GameId "2160767911873175"]
[EventDate "1998.05.15"]
[EventType "swiss"]
[EventRounds "7"]
[EventCountry "CAN"]

1. e4 c5 2. Nf3 Nc6 3. d4 cxd4 4. Nxd4 Nf6 5. Nc3 d6 6. Bc4 Qb6 7. Nb3 e6 8. O-O Be7 9. Be3 Qc7 10. f4 a6 11. Be2 b5 12. a3 Bb7 13. Bf3 Rc8 14. Qe2 O-O 15. Rac1 Rfd8 16. g4 Na5 17. g5 Nd7 18. Nxa5 Qxa5 19. Nd1 Qa4 20. Nf2 Qc4 21. Qxc4 Rxc4 22. Be2 Rc7 23. c4 bxc4 24. Rxc4 Rxc4 25. Bxc4 Rc8 26. Rc1 Nc5 27. b4 Nxe4 28. Nxe4 d5 29. Bxa6 Rxc1+ 30. Bxc1 Bxa6 31. Nc5 Bxc5+ 32. bxc5 f6 33. h4 Kf7 34. Bb2 Kg6 35. Kf2 Kf5 36. gxf6 gxf6 37. Ke3 e5 38. fxe5 fxe5 39. c6 d4+ 40. Kf3 e4+ 41. Kg3 Ke5 42. c7 e3 43. Kf3 Bb7+ 44. Ke2 Ke4 45. Bc1 Ba6+ 46. Kd1 h5 47. a4 d3 48. a5 d2 49. Bxd2 exd2 50. Kxd2 Kd4 51. Ke1 Kc5 52. Kf2 Kc6 0-1

[Event "Paul Keres mem (23rd)"]
[Site "Vancouver CAN"]
[Date "1998.05.18"]
[Round "6"]
[White "Skulsky, Ian"]
[Black "Pechisker, Alfred"]
[Result "0-1"]
[WhiteElo "2192"]
[BlackElo "2041"]
[PlyCount "78"]
[GameId "2160767911873176"]
[EventDate "1998.05.15"]
[EventType "swiss"]
[EventRounds "7"]
[EventCountry "CAN"]

1. Nf3 d5 2. c4 e6 3. g3 c6 4. b3 Nd7 5. Nc3 Ngf6 6. Bg2 e5 7. cxd5 cxd5 8. O-O Be7 9. d4 e4 10. Ne5 Qc7 11. Bb2 O-O 12. Rc1 Qb6 13. e3 Rd8 14. h3 Qe6 15. Ne2 Ne8 16. Nf4 Qd6 17. f3 g5 18. Nxd5 Nxe5 19. fxe4 Nc6 20. e5 Qe6 21. e4 Nb4 22. Rc3 Nxd5 23. exd5 Qg6 24. d6 Bxd6 25. exd6 Nxd6 26. Rcf3 g4 27. Rf6 Qg5 28. h4 Qe3+ 29. Kh2 Ne4 30. Bxe4 Qxe4 31. Qd2 Qd5 32. Rxf7 Be6 33. R7f6 Rf8 34. Rxf8+ Rxf8 35. Rxf8+ Kxf8 36. Qh6+ Ke8 37. Qxh7 Qf3 38. Qh8+ Kd7 39. Qg7+ Bf7 0-1

[Event "Paul Keres mem (23rd)"]
[Site "Vancouver CAN"]
[Date "1998.05.18"]
[Round "6"]
[White "Slambor, Jiri"]
[Black "Angelvette, Duane"]
[Result "1-0"]
[WhiteElo "1829"]
[BlackElo "1517"]
[PlyCount "143"]
[GameId "2160767911873177"]
[EventDate "1998.05.15"]
[EventType "swiss"]
[EventRounds "7"]
[EventCountry "CAN"]

1. e4 c5 2. Nf3 d6 3. Bc4 e6 4. d4 cxd4 5. Nxd4 Nf6 6. Nc3 a6 7. a3 b5 8. Ba2 Bb7 9. f3 Be7 10. b4 Nc6 11. Nce2 Rc8 12. Bb2 Ne5 13. Rc1 Nc4 14. Bxc4 bxc4 15. Nc3 O-O 16. O-O Qb6 17. Kh1 Rfd8 18. Na4 Qa7 19. Bc3 e5 20. Nf5 Bf8 21. Be1 g6 22. Bf2 Qb8 23. Bh4 gxf5 24. Bxf6 Re8 25. Nb6 Rc7 26. exf5 Bh6 27. Rb1 e4 28. Nd5 Bxd5 29. Qxd5 e3 30. Qxd6 Qc8 31. Qg3+ Kf8 32. Qh3 Bg7 33. Bxg7+ Kxg7 34. Rfe1 Qd8 35. Rbd1 Qg5 36. Qg3 Qxg3 37. hxg3 Kf6 38. g4 e2 39. Rd2 Rce7 40. c3 Re3 41. Kg1 Rxc3 42. Rdxe2 Rxe2 43. Rxe2 Rxa3 44. Rc2 c3 45. f4 h5 46. gxh5 Kxf5 47. g4+ Kxg4 48. h6 Rb3 49. h7 Rb1+ 50. Kg2 Rb2 51. Rf2 Rxf2+ 52. Kxf2 c2 53. h8=Q c1=Q 54. Qg7+ Kf5 55. Qe5+ Kg6 56. Qd6+ Kg7 57. Kf3 Qh1+ 58. Ke3 Qg1+ 59. Ke4 Qg2+ 60. Kd4 Qf2+ 61. Kd5 Qa2+ 62. Kc5 Qf2+ 63. Qd4+ Qxd4+ 64. Kxd4 Kf6 65. Kc5 Kf5 66. Kb6 Kxf4 67. Kxa6 f5 68. b5 Ke4 69. b6 f4 70. b7 f3 71. b8=Q f2 72. Qb1+ 1-0

[Event "Paul Keres mem (23rd)"]
[Site "Vancouver CAN"]
[Date "1998.05.18"]
[Round "6"]
[White "Taylor, Nicholas"]
[Black "Martinovsky, Ian"]
[Result "0-1"]
[WhiteElo "1831"]
[BlackElo "2107"]
[PlyCount "61"]
[GameId "2160767911873179"]
[EventDate "1998.05.15"]
[EventType "swiss"]
[EventRounds "7"]
[EventCountry "CAN"]

1. e4 c5 2. Nf3 d6 3. d4 cxd4 4. Nxd4 Nf6 5. Nc3 a6 6. Bc4 b5 7. Bb3 Bb7 8. O-O Nbd7 9. Re1 Nc5 10. Bd5 Nxd5 11. Nxd5 e6 12. Qg4 h5 13. Qh3 g5 14. Bxg5 Qxg5 15. Nc7+ Kd8 16. Nxa8 Bxa8 17. b4 Nd7 18. Qxe6 Qxg2+ 19. Kxg2 fxe6 20. Nxe6+ Ke7 21. Nc7 Bc6 22. Nd5+ Kd8 23. Rad1 Bh6 24. f4 Bxd5 25. Rxd5 Bxf4 26. Rf1 Be5 27. Rf5 Ke7 28. Rf3 Rg8+ 29. Kh3 Nf6 30. Re3 Nxd5 31. exd5 0-1

[Event "Paul Keres mem (23rd)"]
[Site "Vancouver CAN"]
[Date "1998.05.18"]
[Round "7"]
[White "Vetemaa, Juri"]
[Black "Soraggett, Kevin"]
[Result "0-1"]
[WhiteElo "2500"]
[BlackElo "2633"]
[PlyCount "48"]
[GameId "2160767911873182"]
[EventDate "1998.05.15"]
[EventType "swiss"]
[EventRounds "7"]
[EventCountry "CAN"]
[SourceTitle "CFC 1998.08"]

1. e4 c5 2. Nf3 e6 3. c3 d5 4. exd5 exd5 5. d4 Nc6 6. Be3 cxd4 7. Nxd4 Bd6 8. Nd2 Nge7 9. N2b3 O-O 10. Be2 Ne5 11. Qc2 a6 12. Bg5 Qc7 13. Bh4 Bd7 14. O-O-O Rac8 15. Rhe1 b5 16. Bxe7 Bxe7 17. g3 Bf6 18. f4 Nc4 19. Bf3 a5 20. Bxd5 a4 21. Na1 b4 22. Rd3 bxc3 23. Rxc3 Qa5 24. Bxc4 Bxd4 0-1

[Event "Paul Keres mem (23rd)"]
[Site "Vancouver CAN"]
[Date "1998.05.18"]
[Round "7"]
[White "Wright, Stephen"]
[Black "Orlov, Georgi"]
[Result "0-1"]
[WhiteElo "2239"]
[BlackElo "2584"]
[PlyCount "76"]
[GameId "2160767911873183"]
[EventDate "1998.05.15"]
[EventType "swiss"]
[EventRounds "7"]
[EventCountry "CAN"]

1. g3 d5 2. Bg2 c6 3. Nf3 Nf6 4. O-O Bg4 5. d3 Nbd7 6. Nbd2 e6 7. b3 Bd6 8. Bb2 O-O 9. c4 a5 10. Qc2 e5 11. e4 dxe4 12. dxe4 Re8 13. Rfe1 Qb6 14. Nf1 Bb4 15. Rec1 Bc5 16. Re1 Bxf3 17. Bxf3 a4 18. Ne3 axb3 19. axb3 Rxa1 20. Bxa1 Ra8 21. Bc3 Ra3 22. Bd1 Qa7 23. Re2 Bd4 24. Bb4 Ra1 25. Kg2 g6 26. Kf3 h5 27. h3 Nc5 28. Bxc5 Qxc5 29. Qd3 Ra8 30. Nc2 Rd8 31. b4 Qe7 32. Rd2 Qe6 33. Kg2 Bb6 34. Qc3 Rxd2 35. Qxd2 Nxe4 36. Qe2 Nc3 37. Qd3 Nxd1 38. Qxd1 Qxc4 0-1

[Event "Paul Keres mem (23rd) U1600"]
[Site "Vancouver CAN"]
[Date "1998.05.16"]
[Round "1"]
[White "Demers, Matthew"]
[Black "Stanford, Mike"]
[Result "0-1"]
[WhiteElo "1627"]
[BlackElo "1567"]
[PlyCount "122"]
[GameId "2160767911873051"]
[EventDate "1998.05.16"]
[EventType "swiss"]
[EventRounds "6"]
[EventCountry "CAN"]

1. d4 Nf6 2. c4 e6 3. a3 b6 4. Nc3 Bb7 5. Bg5 Be7 6. e3 O-O 7. Nf3 h6 8. Bh4 d5 9. b3 dxc4 10. bxc4 Ne4 11. Bxe7 Qxe7 12. Nxe4 Bxe4 13. Be2 Nd7 14. O-O Rfd8 15. Qb3 c5 16. Nd2 Bb7 17. Rad1 cxd4 18. exd4 Nf8 19. Nf3 Ng6 20. Rfe1 Nf4 21. Qe3 Nxe2+ 22. Rxe2 Rac8 23. d5 Rxc4 24. Ne5 Rc5 25. h3 Rcxd5 26. Rxd5 Rxd5 27. Kh2 Qd6 28. Qf4 f6 29. Ng6 Kf7 30. Nh8+ Kg8 31. Ng6 Rd4 32. Qxd6 Rxd6 33. Nf4 e5 34. Ng6 Kf7 35. Nh4 g6 36. Rc2 Rc6 37. Rd2 Rc7 38. g4 Be4 39. f3 Rc2 40. Rxc2 Bxc2 41. Ng2 a5 42. Ne3 Bb3 43. Kg3 b5 44. Ng2 b4 45. axb4 a4 46. b5 a3 47. b6 Bd5 48. Ne3 a2 49. Nc2 e4 50. fxe4 Bxe4 51. Kf4 f5 52. g5 hxg5+ 53. Kxg5 Bxc2 54. b7 a1=Q 55. b8=Q Qc1+ 56. Kh4 Qe1+ 57. Kg5 Qe3+ 58. Kh4 g5+ 59. Kh5 Qxh3+ 60. Kxg5 Qg4+ 61. Kh6 Qg6# 0-1

[Event "Paul Keres mem (23rd) U1600"]
[Site "Vancouver CAN"]
[Date "1998.05.16"]
[Round "1"]
[White "Reil, Allan"]
[Black "Marvin, Wilbur"]
[Result "0-1"]
[WhiteElo "1545"]
[BlackElo "1423"]
[PlyCount "62"]
[GameId "2160767911873052"]
[EventDate "1998.05.16"]
[EventType "swiss"]
[EventRounds "6"]
[EventCountry "CAN"]

1. e4 c5 2. Nf3 Nc6 3. d4 cxd4 4. Nxd4 Nxd4 5. Qxd4 d6 6. Nd2 e5 7. Qa4+ Bd7 8. Bb5 Nf6 9. O-O Be7 10. Bxd7+ Nxd7 11. Nf3 O-O 12. b3 Nc5 13. Qc4 Rc8 14. Qe2 Ne6 15. Be3 b6 16. Rfd1 Rc6 17. Nxe5 Rc7 18. c4 Bf6 19. f4 Qe7 20. Ng4 Bxa1 21. Rxa1 Nc5 22. Bf2 Qxe4 23. Qd2 Qd3 24. Qb2 Qg6 25. Ne3 Nd3 26. Qd4 Nxf2 27. Kxf2 Re8 28. Rc1 Rce7 29. f5 Qg5 30. Nd5 Re2+ 31. Kf3 Qxg2+ 0-1

[Event "Paul Keres mem (23rd) U1600"]
[Site "Vancouver CAN"]
[Date "1998.05.16"]
[Round "2"]
[White "Mead, John"]
[Black "Bouvier, Jesse"]
[Result "0-1"]
[WhiteElo "1571"]
[BlackElo "2062"]
[PlyCount "56"]
[GameId "2160767911873053"]
[EventDate "1998.05.16"]
[EventType "swiss"]
[EventRounds "6"]
[EventCountry "CAN"]

1. d4 Nf6 2. Nc3 d5 3. e4 dxe4 4. f3 exf3 5. Nxf3 Bg4 6. h3 Bh5 7. g4 Bg6 8. Ne5 Nbd7 9. Nxg6 hxg6 10. Bg2 c6 11. O-O e6 12. Qf3 Qe7 13. Bg5 Qb4 14. Bxf6 gxf6 15. Rf2 O-O-O 16. Qd3 Ne5 17. Qe2 Qxd4 18. Rd1 Qb6 19. Na4 Rxd1+ 20. Qxd1 Qe3 21. Kf1 Be7 22. Re2 Qf4+ 23. Rf2 Qxa4 24. Rd2 Rd8 25. Rxd8+ Bxd8 26. a3 Qb5+ 27. Qe2 Qxe2+ 28. Kxe2 Nc4 0-1

[Event "Paul Keres mem (23rd) U1600"]
[Site "Vancouver CAN"]
[Date "1998.05.17"]
[Round "3"]
[White "Bouvier, Jesse"]
[Black "McMenamin, Johnny"]
[Result "1-0"]
[WhiteElo "2062"]
[BlackElo "1946"]
[PlyCount "31"]
[GameId "2160767911873054"]
[EventDate "1998.05.16"]
[EventType "swiss"]
[EventRounds "6"]
[EventCountry "CAN"]

1. e4 c5 2. Nf3 Nc6 3. d4 cxd4 4. Nxd4 a6 5. c4 e5 6. Nf5 Nf6 7. Nc3 Bb4 8. Nxg7+ Ke7 9. Nf5+ Ke8 10. f3 Bxc3+ 11. bxc3 d6 12. Nxd6+ Ke7 13. Ba3 Ke6 14. g3 Nd7 15. Nxc8 Rxc8 16. Qd6# 1-0

[Event "Paul Keres mem (23rd) U1600"]
[Site "Vancouver CAN"]
[Date "1998.05.17"]
[Round "4"]
[White "Bouvier, Jesse"]
[Black "Davies, Lucas"]
[Result "1/2-1/2"]
[WhiteElo "2062"]
[BlackElo "1632"]
[PlyCount "41"]
[GameId "2160767911873055"]
[EventDate "1998.05.16"]
[EventType "swiss"]
[EventRounds "6"]
[EventCountry "CAN"]

1. e4 e5 2. Nf3 Nc6 3. Nc3 Nf6 4. d4 exd4 5. Nd5 Nxd5 6. exd5 Bb4+ 7. Bd2 Bxd2+ 8. Qxd2 Qe7+ 9. Be2 Nb4 10. O-O O-O 11. Nxd4 Nxd5 12. Nf5 Qe5 13. Qxd5 Qxe2 14. Nxg7 Kxg7 15. Qg5+ Kh8 16. Qf6+ Kg8 17. Rfe1 Qa6 18. Qc3 Qc6 19. Qd4 Qd6 20. Qc3 Qc6 21. Qd4 1/2-1/2

[Event "Paul Keres mem (23rd) U1600"]
[Site "Vancouver CAN"]
[Date "1998.05.17"]
[Round "4"]
[White "Marvin, Wilbur"]
[Black "Becherer, Erik"]
[Result "1-0"]
[WhiteElo "1423"]
[BlackElo "1582"]
[PlyCount "82"]
[GameId "2160767911873056"]
[EventDate "1998.05.16"]
[EventType "swiss"]
[EventRounds "6"]
[EventCountry "CAN"]

1. d4 d5 2. c4 e6 3. Nc3 c5 4. e3 g6 5. Nf3 Bg7 6. dxc5 Qa5 7. Qa4+ Qxa4 8. Nxa4 Nf6 9. Rb1 Ne4 10. cxd5 exd5 11. Bb5+ Nc6 12. Bxc6+ bxc6 13. Nd2 Ba6 14. Nxe4 dxe4 15. b4 Bb5 16. Bb2 f6 17. Nc3 Bd3 18. Rd1 Kf7 19. Ne2 Rab8 20. a3 Rhd8 21. Rd2 Ke6 22. Nf4+ Kf5 23. Nxd3 Rxd3 24. Rxd3 exd3 25. Kd2 a5 26. Bc3 axb4 27. axb4 Ra8 28. Kxd3 Ra2 29. Rf1 Ke6 30. Kc4 Rc2 31. Kb3 Re2 32. h4 h5 33. Rd1 Bf8 34. Rd8 Be7 35. Rg8 Kf7 36. Rc8 Rxf2 37. Rxc6 Rxg2 38. b5 Rg1 39. b6 Bxc5 40. Rxc5 Rb1+ 41. Bb2 Re1 1-0

[Event "Paul Keres mem (23rd) U1600"]
[Site "Vancouver CAN"]
[Date "1998.05.18"]
[Round "5"]
[White "Demers, Darwin"]
[Black "Miller, Max"]
[Result "0-1"]
[WhiteElo "1627"]
[BlackElo "1598"]
[PlyCount "76"]
[GameId "2160767911873057"]
[EventDate "1998.05.16"]
[EventType "swiss"]
[EventRounds "6"]
[EventCountry "CAN"]

1. d4 Nf6 2. c4 e6 3. Nc3 Bb4 4. Bd2 Bxc3 5. Bxc3 b6 6. Nf3 Bb7 7. Qd3 d6 8. g3 Nbd7 9. Bg2 h6 10. h3 Rb8 11. a3 O-O 12. O-O c5 13. e3 Re8 14. Rfe1 Qc7 15. Qc2 cxd4 16. exd4 e5 17. b3 e4 18. Nh4 g6 19. Re3 d5 20. Bb2 Rec8 21. Bf1 Qd6 22. Kg2 dxc4 23. bxc4 Nd5 24. Rae1 Nxe3+ 25. fxe3 Nf6 26. Qb3 Nh5 27. Qc2 Qxg3+ 28. Kh1 Qxe1 29. Qg2 Ng3+ 30. Kg1 Qxf1+ 31. Qxf1 Nxf1 32. Kxf1 Rxc4 33. d5 Bxd5 34. Ng2 Rbc8 35. Nf4 Be6 36. Ke1 Rc2 37. Bd4 Ra2 38. h4 Rc1# 0-1

[Event "Paul Keres mem (23rd) U1600"]
[Site "Vancouver CAN"]
[Date "1998.05.18"]
[Round "5"]
[White "Stanford, Mike"]
[Black "Bouvier, Jesse"]
[Result "0-1"]
[WhiteElo "1567"]
[BlackElo "2062"]
[PlyCount "76"]
[GameId "2160767911873058"]
[EventDate "1998.05.16"]
[EventType "swiss"]
[EventRounds "6"]
[EventCountry "CAN"]

1. e4 c5 2. Nf3 Nc6 3. d4 cxd4 4. Nxd4 Nf6 5. Nc3 e5 6. Nxc6 bxc6 7. Bc4 Bb4 8. O-O Bxc3 9. bxc3 Qa5 10. Bb2 Nxe4 11. Re1 d5 12. Bb3 O-O 13. c4 Qb6 14. Rxe4 dxe4 15. Qh5 Qc5 16. a4 Rd8 17. Ba3 Qd4 18. Re1 Be6 19. Rb1 g6 20. Qe2 Qd2 21. Qxe4 Qd1+ 22. Qe1 Qxe1+ 23. Rxe1 Rd7 24. f3 Rad8 25. Kf2 Rd2+ 26. Re2 Bf5 27. Ke3 Rxe2+ 28. Kxe2 h5 29. Ke3 Rd1 30. Bb4 Rb1 31. Bc3 f6 32. f4 exf4+ 33. Kxf4 Kg7 34. a5 Bxc2 35. Bxc2 Rc1 36. Bxg6 Rxc3 37. Bxh5 Rxc4+ 38. Ke3 Ra4 0-1

[Event "Paul Keres mem (23rd) U1600"]
[Site "Vancouver CAN"]
[Date "1998.05.18"]
[Round "6"]
[White "Bouvier, Jesse"]
[Black "Demers, Matthew"]
[Result "1-0"]
[WhiteElo "2062"]
[BlackElo "1627"]
[PlyCount "35"]
[GameId "2160767911873059"]
[EventDate "1998.05.16"]
[EventType "swiss"]
[EventRounds "6"]
[EventCountry "CAN"]

1. e4 e5 2. Nf3 d6 3. d4 exd4 4. Nxd4 c5 5. Bb5+ Bd7 6. Bxd7+ Nxd7 7. Nf5 Qf6 8. Nc3 Rc8 9. Nb5 Kd8 10. Nbxd6 Rb8 11. Bg5 Qxg5 12. Nxf7+ Ke8 13. Nxg5 Rd8 14. Ne6 Rc8 15. Nexg7+ Bxg7 16. Nxg7+ Ke7 17. Nf5+ Ke6 18. Qd6+ 1-0

[Event "Paul Keres mem (23rd) U2000"]
[Site "Vancouver CAN"]
[Date "1998.05.16"]
[Round "1"]
[White "Taylor, James"]
[Black "Steinke, Wally"]
[Result "0-1"]
[WhiteElo "1739"]
[BlackElo "1769"]
[PlyCount "50"]
[GameId "2160767911873060"]
[EventDate "1998.05.16"]
[EventType "swiss"]
[EventRounds "6"]
[EventCountry "CAN"]

1. e4 c5 2. Nf3 a6 3. d4 cxd4 4. Nxd4 Nf6 5. Nc3 e5 6. Nf3 Bb4 7. Bd3 d5 8. Nd2 Bxc3 9. bxc3 dxe4 10. Nxe4 Nxe4 11. Bxe4 Qxd1+ 12. Kxd1 O-O 13. Rb1 Nc6 14. Be3 Be6 15. Rxb7 Na5 16. Rb4 Rac8 17. Bd2 Rfd8 18. Ke2 f5 19. Bd3 Nc4 20. Bg5 Rd7 21. f3 h6 22. Bc1 e4 23. fxe4 fxe4 24. Bxe4 Bg4+ 25. Kf2 Rf8+ 0-1

[Event "Paul Keres mem (23rd) U2000"]
[Site "Vancouver CAN"]
[Date "1998.05.16"]
[Round "2"]
[White "Barnes, Mark"]
[Black "Neumann, Ralph"]
[Result "1-0"]
[WhiteElo "1824"]
[BlackElo "1691"]
[PlyCount "79"]
[GameId "2160767911873061"]
[EventDate "1998.05.16"]
[EventType "swiss"]
[EventRounds "6"]
[EventCountry "CAN"]

1. e4 c5 2. c3 Nc6 3. d4 cxd4 4. cxd4 e6 5. Nf3 Nf6 6. Nc3 d6 7. Bf4 Be7 8. Bb5 a6 9. Ba4 Bd7 10. e5 dxe5 11. dxe5 Nh5 12. Be3 g6 13. Qd2 b5 14. Bb3 Na5 15. g4 Nxb3 16. axb3 Bc6 17. Qxd8+ Bxd8 18. Ke2 Ng7 19. Rhd1 h5 20. g5 h4 21. Rd3 Nf5 22. Bf4 Bb6 23. Rad1 Ke7 24. Nd2 Rhd8 25. Rxd8 Rxd8 26. Be3 Nxe3 27. fxe3 Bc7 28. Ra1 Ra8 29. Nf3 Bxf3+ 30. Kxf3 Bxe5 31. h3 b4 32. Nd1 Rd8 33. Nf2 Ra8 34. Nd3 Bd6 35. Kg4 e5 36. e4 Ke6 37. Kxh4 Ra7 38. Kg4 Ra8 39. h4 a5 40. Ra4 1-0

[Event "Paul Keres mem (23rd) U2000"]
[Site "Vancouver CAN"]
[Date "1998.05.18"]
[Round "5"]
[White "Feng, Jason"]
[Black "Barnes, Mark"]
[Result "1-0"]
[WhiteElo "1712"]
[BlackElo "1824"]
[PlyCount "109"]
[GameId "2160767911873062"]
[EventDate "1998.05.16"]
[EventType "swiss"]
[EventRounds "6"]
[EventCountry "CAN"]

1. e4 e6 2. d4 d5 3. Nc3 Nf6 4. e5 Nfd7 5. f4 c5 6. Nf3 Nc6 7. Bb5 cxd4 8. Nxd4 Nxd4 9. Qxd4 a6 10. Bxd7+ Bxd7 11. f5 Rc8 12. f6 g6 13. Be3 Bc5 14. Qf4 Qb6 15. Bxc5 Qxc5 16. O-O-O b5 17. Qd4 b4 18. Qxc5 Rxc5 19. Ne2 Bc6 20. Nd4 Bb7 21. Rhf1 Kd7 22. Rf4 Rhc8 23. Rh4 h5 24. g4 hxg4 25. Rh7 Rf8 26. Rg1 Ke8 27. Nxe6 fxe6 28. Rxb7 d4 29. Re7+ Kd8 30. Rxe6 d3 31. Rxg4 Rxc2+ 32. Kb1 Rxh2 33. Rd4+ Kc7 34. Rxd3 Rc8 35. Red6 Rf2 36. Rd1 Kb7 37. Rd7+ Kb6 38. Rc1 Re8 39. Rd6+ Kb7 40. Rd7+ Kb6 41. Re1 Rc8 42. Rc1 Re8 43. Re7 Rd8 44. Rec7 Re8 45. R1c6+ Kb5 46. Rc5+ Kb6 47. Rc8 Re6 48. Rd5 Kb7 49. Rcd8 Rc6 50. R5d7+ Rc7 51. Rxc7+ Kxc7 52. Rg8 Rf5 53. e6 Kd6 54. e7 b3 55. axb3 1-0

[Event "Paul Keres mem. Active"]
[Site "Toronto CAN"]
[Date "1998.10.25"]
[Round "1"]
[White "Veltmann, Martin"]
[Black "Gomes, Jose"]
[Result "1-0"]
[WhiteElo "2118"]
[BlackElo "2015"]
[PlyCount "78"]
[GameId "2160767740584183"]
[EventDate "1998.10.25"]
[EventType "swiss (rapid)"]
[EventRounds "6"]
[EventCountry "CAN"]

1. d4 Nf6 2. c4 e6 3. Nc3 d5 4. Nf3 Bb4 5. Bg5 c6 6. Qc2 Nbd7 7. e3 Qa5 8. Nd2 Ne4 9. Ndxe4 dxe4 10. Bf4 e5 11. Bg3 O-O 12. Be2 exd4 13. exd4 f5 14. Bf4 Qd8 15. a3 Be7 16. O-O-O Bg5 17. Qd2 Bxf4 18. Qxf4 Nf6 19. Kb1 Bd7 20. h4 b5 21. h5 h6 22. d5 Qb6 23. dxc6 Bxc6 24. cxb5 Be8 25. Qxf5 a6 26. Bc4+ Kh8 27. bxa6 Rb8 28. Rd2 Bd7 29. Qe5 Rfc8 30. Qd4 Qa5 31. Ka2 Qc7 32. Bd5 Rb6 33. Bb7 Be6+ 34. Ka1 Rb8 35. Nxe4 Ne8 36. Rhd1 Bg8 37. Nc3 Rd6 38. Qe3 Rxd2 39. Qxd2 Qc4 {time} 1-0

[Event "Paul Keres mem. Active"]
[Site "Toronto CAN"]
[Date "1998.10.25"]
[Round "2"]
[White "Bojovic, Gavrilo"]
[Black "Veltmann, Martin"]
[Result "0-1"]
[WhiteElo "1796"]
[BlackElo "2118"]
[PlyCount "58"]
[GameId "2160767911806163"]
[EventDate "1998.10.25"]
[EventType "swiss (rapid)"]
[EventRounds "6"]
[EventCountry "CAN"]

1. e4 c6 2. d4 d5 3. exd5 cxd5 4. c4 Nf6 5. Nc3 e6 6. Bg5 Be7 7. Nf3 O-O 8. Bd3 dxc4 9. Bxc4 Nc6 10. O-O h6 11. Bh4 Nd5 12. Bxe7 Ncxe7 13. Bd3 b6 14. Ne5 Bb7 15. Qh5 Nxc3 16. bxc3 Nd5 17. Be4 Nf6 18. Qh3 Nxe4 19. f4 Rc8 20. Rac1 f5 21. Rf3 b5 22. Qh5 b4 23. g4 Rxc3 24. Rd1 Rxf3 25. g5 Rxf4 26. gxh6 Qg5+ 27. Qxg5 Nxg5 28. Ng6 Rg4+ 29. Kf2 Ne4+ 0-1

[Event "Paul Keres mem. Active"]
[Site "Toronto CAN"]
[Date "1998.10.25"]
[Round "3"]
[White "Veltmann, Martin"]
[Black "Stevens, Christian"]
[Result "0-1"]
[WhiteElo "2118"]
[BlackElo "1626"]
[PlyCount "62"]
[GameId "2160767911806164"]
[EventDate "1998.10.25"]
[EventType "swiss (rapid)"]
[EventRounds "6"]
[EventCountry "CAN"]

1. c4 e6 2. Nc3 d5 3. d4 Nf6 4. Nf3 Nbd7 5. Bf4 c6 6. e3 Be7 7. Qc2 O-O 8. O-O-O dxc4 9. Bxc4 Nb6 10. Bd3 Nbd5 11. Nxd5 exd5 12. h3 Re8 13. g4 Bf8 14. Ne5 g6 15. f3 Qa5 16. Kb1 c5 17. h4 c4 18. Bf1 h6 19. Nxg6 fxg6 20. Qxg6+ Bg7 21. Be5 Rf8 22. g5 Ne8 23. gxh6 Bf5+ 24. Qxf5 Rxf5 25. Bh3 Rxf3 26. Be6+ Kh7 27. hxg7 Nxg7 28. Bg4 Rxe3 29. h5 c3 30. b3 c2+ 31. Kxc2 Qxa2+ 0-1

[Event "Paul Keres mem. Active"]
[Site "Toronto CAN"]
[Date "1998.10.25"]
[Round "4"]
[White "Pajkic, Oleg"]
[Black "Veltmann, Martin"]
[Result "0-1"]
[WhiteElo "2072"]
[BlackElo "2118"]
[PlyCount "80"]
[GameId "2160767911806165"]
[EventDate "1998.10.25"]
[EventType "swiss (rapid)"]
[EventRounds "6"]
[EventCountry "CAN"]

1. d4 Nf6 2. c4 g6 3. Nc3 Bg7 4. e4 O-O 5. Be2 d6 6. Nf3 e5 7. d5 a5 8. O-O Na6 9. Ne1 Nc5 10. Bf3 Ne8 11. Nd3 Nxd3 12. Qxd3 f5 13. b3 Nf6 14. Bg5 f4 15. Be2 h6 16. Bxf6 Qxf6 17. f3 Kh8 18. Nd1 Rg8 19. Nf2 h5 20. Rac1 Bf8 21. a3 b6 22. Ra1 g5 23. h3 Rg7 24. b4 Rh7 25. Rfc1 Rg7 26. Qd1 Kh7 27. c5 dxc5 28. bxc5 Bxc5 29. Rxc5 bxc5 30. Rc1 Ba6 31. Bxa6 Qxa6 32. Nd3 Rb8 33. Nxe5 a4 34. Nc4 g4 35. fxg4 hxg4 36. h4 Qf6 37. e5 Qxh4 38. Qd3+ Kg8 39. Nd2 f3 40. Qf5 Qg3 0-1

[Event "Paul Keres mem. Active"]
[Site "Toronto CAN"]
[Date "1998.10.25"]
[Round "5"]
[White "Veltmann, Martin"]
[Black "Rakhinshteyn, Fima"]
[Result "1-0"]
[WhiteElo "2118"]
[BlackElo "2100"]
[PlyCount "97"]
[GameId "2160767911806166"]
[EventDate "1998.10.25"]
[EventType "swiss (rapid)"]
[EventRounds "6"]
[EventCountry "CAN"]

1. c4 Nf6 2. Nc3 e5 3. Nf3 Nc6 4. g3 g6 5. Bg2 Bg7 6. O-O O-O 7. d3 d6 8. Rb1 Ne8 9. b4 f5 10. Nd5 h6 11. b5 Ne7 12. Nxe7+ Qxe7 13. Ne1 Nf6 14. Nc2 Rb8 15. a4 b6 16. Nb4 Bb7 17. Bxb7 Rxb7 18. Nc6 Qd7 19. Bd2 Kh7 20. e3 Ng8 21. Qf3 Qc8 22. Qg2 Rf7 23. Bc3 Ne7 24. Nxe7 Rxe7 25. a5 Rb8 26. Ra1 Qe6 27. Qd5 Rf8 28. axb6 axb6 29. Ra7 Rff7 30. Rfa1 Qf6 31. Rb7 Qg5 32. Qg2 e4 33. d4 Qf6 34. Raa7 g5 35. Bd2 Qe6 36. Qf1 f4 37. Ra1 c5 38. d5 Qe5 39. Rxe7 Qxe7 40. Ra6 fxe3 41. Bxe3 Bd4 42. Qe2 Rf3 43. Rxb6 Qf6 44. Rb7+ Kg6 45. Rd7 Bxe3 46. fxe3 Qc3 47. Rxd6+ Kg7 48. Kg2 Rxe3 49. Qh5 1-0

[Event "Paul Keres mem. Active"]
[Site "Toronto CAN"]
[Date "1998.10.25"]
[Round "6"]
[White "Wight, Keith"]
[Black "Veltmann, Martin"]
[Result "1-0"]
[WhiteElo "2037"]
[BlackElo "2118"]
[PlyCount "68"]
[GameId "2160767911806167"]
[EventDate "1998.10.25"]
[EventType "swiss (rapid)"]
[EventRounds "6"]
[EventCountry "CAN"]

1. e4 c6 2. d4 d5 3. e5 Bf5 4. Nf3 e6 5. Be2 Bg4 6. O-O Nd7 7. Be3 Ne7 8. c4 Bxf3 9. Bxf3 dxc4 10. Nd2 b5 11. a4 Nd5 12. axb5 cxb5 13. Bxd5 exd5 14. Qg4 Qe7 15. Ra6 Nb8 16. Bg5 Qb7 17. Ra2 Bb4 18. Nf3 Qd7 19. Qg3 Qe6 20. Bf4 Qg6 21. Qh3 O-O 22. Nh4 Qe4 23. Be3 Nc6 24. Nf5 Ne7 25. Nxe7+ Bxe7 26. Qd7 Bd8 27. Qxb5 Bb6 28. Rd1 Qc2 29. Raa1 Rab8 30. Qxd5 Rfd8 31. Qf3 Qxb2 32. Rab1 Qa3 33. d5 Bxe3 34. Rxb8 Bxf2+ 1-0